00416nam a2200145 a 450000500170000000800410001702000180005805000220007610000170009824500660011526000400018130000220022144000170024365000100026020140412111308.0010502s19uu xx 00 eng d a1-85854-369-X aTR(PS EbSh1 1996 aDavies, Gill aSharing /cby Gill Davies; illustrated by Stephanie Longfoot. aEngland :bBrimax Books Ltd,c1996. a1v. (unp.) ; ill. aNow I am Big aTitle